Qui a déjà participé à la troupe des Enfoirés? - Statistiques

Statistiques générales
  • Ce quiz a été pris 63 fois
  • Le résultat moyen est 18 sur 25
Answers on the Grid
Answers color-coded by a green-red scale on the quiz's grid according to % correct below.
Garou
Tina Arena
Jenifer
Dorothée
Jean-Louis Aubert
Vanessa Paradis
Amel Bent
Amir
Liane Foly
Patricia Kaas
Bénabar
Orelsan
Chimène Badi
Gérald De Palmas
Patrick Fiori
Jean-Jacques Goldman
Mylène Farmer
Nolwenn Leroy
Pascal Obispo
Alizée
Lorie
Carla Bruni
Patrick Bruel
Gims
Zazie
Marc Lavoine
Julien Clerc
MC Solaar
Hélène Ségara
Pomme
 
Statistiques - réponses
Réponse % Correct
Garou
92%
Jenifer
90%
Amel Bent
88%
Jean-Louis Aubert
85%
Amir
83%
Jean-Jacques Goldman
81%
Pascal Obispo
77%
Patrick Bruel
77%
Patrick Fiori
77%
Nolwenn Leroy
75%
Zazie
75%
Liane Foly
71%
Julien Clerc
69%
Patricia Kaas
69%
Lorie
67%
Bénabar
65%
Chimène Badi
65%
Marc Lavoine
65%
MC Solaar
65%
Hélène Ségara
63%
Alizée
62%
Vanessa Paradis
60%
Gérald De Palmas
52%
Carla Bruni
48%
Tina Arena
48%
Aucun quiz correspondant
Distribution des résultats
% des personnes avec chaque résultat
Percentile par nombre de réponses
Votre historique - résultats
Vous n’avez pas pris ce quiz